000 00542nam a2200169Ia 4500
003 GCL
008 140319s9999 xx 000 0 ara d
040 _aGCL /
_cGCL
082 0 4 _a635.9
_bم ن
100 1 _aمصطفى الرواس
245 1 0 _aالنباتات وأفتها فى منزلك /
_cمصطفى الرواس
300 _a398 ص
490 _aالحيوانات وتوازن البنية
_v0
650 0 4 _aالزهور - تنسيق
650 0 4 _aنباتات الزينة - النباتات المنزلية
942 _2ddc
_cBK
999 _c38513
_d38513